zpět

Detail výsledku týmu

Restaurace Balkán, Uherský Brod

Datum a čas kvízu

32 Celkem bodů Celkový počet nahraných bodů na tomto kvízu bez doplňovacích otázek.
2. Pořadí na kvízu Konečné umístění týmu na tomto kvízu.

Zaznamenané odpovědi

# Otázka Odpověď Body Výsledky
1. V pátek obdržel jeden muž res... Petr Kellner 1
2. Minulý týden vyhlásil první st... Dánsko 1
3. Celkem 21 let po uvedení první... Cesta domů 0
4. V jednom českém městě začal v... Litoměřice 0
5. Jak se jmenuje žena, která v s... Eva Samková 0
6. V tomto tématu se vypravíme na... Tuaregové/Touaregové 1
7. V pouštních a polopouštních ob... tarbík 1
8. Pouští a pralesem je dobrodruž... Henryk Sienkiewicz 0
9. V jižní Africe se nachází jedn... Kalahari 1
10. Adénium ztloustlé je sukulent... pouštní růže 1